000 00671nam a2200253Ia 4500
005 20260121155403.0
008 008 260114s9999 xx 000 0 eng d
020 _a9780429269011
037 _aEBOOK
040 _aCRL
040 _beng
040 _cCRL
041 _2eng
041 _aeng
084 _qCRL
100 _a Giuliana Laschi; Valeria Deplano; Alessandro Pes
_91018872
245 0 _aEurope between Migrations, Decolonization and Integration (1945-1992)
260 _bTaylor and Francis
260 _c2020
856 _uhttp://www.taylorfrancis.com/books/9780429269011
942 _cEBOOK
999 _c1585691
_d1585691